MDQL
is popping MORE tags! Check the
thread
!
Quizzes
Events
Quiz Creation
Community
Videos
Private Events
Remove Ads
Sign In
Join for FREE
Feedback
Dark Mode
Quiz Categories
Sports
Geography
Music
Movies
Television
Just For Fun
Miscellaneous
History
Literature
Language
Science
Gaming
Entertainment
Religion
Holiday
For Kids
Quiz Lab
Recent
Popular Today
Quiz Kudos Today
Editor Picks
Curator Picks
Quizzes by...
Day
Popularity
Type
Ratings
Length
Year
Community
Subscriptions
Recent Discussions
Orange Saloon
Badges
Playlists
Quests
Create
Leaderboards
Showdown
Live 5
Trivia Bingo
Activity
Puzzle Library
Sporcle Events
Private Events
Virtual Trivia
Globe League
Become a Host
Pub Owners
SporcleCon
Opinionation
Our Games
Videos
Blog
Mobile Apps
Partnerships
Remove Ads and Go Orange
Feedback
Language
Vocabulary
Begins and Ends
Definition
Spanish
French
German
Italian
Chinese
Latin
Translation
Japanese
Language
Vocabulary
Begins and Ends
Definition
Spanish
French
German
Italian
Chinese
Latin
Translation
Japanese
Random Quiz
Search Sporcle
×
Quiz Lab
Quiz Lab
Language
Russia
Type in answers that appear in a list
Type in answers that appear in a list
Classic
Best Score? Go Orange.
Russian Adjectives Stats
Can you name the Russian Adjectives/Adverbs in English?
By
mec0421
12m
77 Questions
50 Plays
50 Plays
50 Plays
Comments
Comments
Give Quiz Kudos
Give Quiz Kudos
-
- Ratings
hide this ad
Replay
Link that replays current quiz
Next Quiz
Link to next quiz in quiz playlist
You Got
0%
They Got
Avg Score
16%
Avg Friend Score
Upgrade to see
Score Distribution
Jump to the score distribution portion of the page
Score
0/77
Timer
12:00
0
Plays Today
Russian
% Correct
некоторый
some
60%
любой
any
60%
простой
simple
60%
скорый
fast
60%
польный
full
52%
пожилой
elderly
44%
почти
almost
42%
юридический
legal
36%
ежегодный
yearly
34%
так называемый
so-called
32%
зарубежный
foreign
30%
густой
thick
30%
страшный
terrible
26%
янтарный
amber
26%
именно
exactly
26%
ядерный
nuclear
22%
высокопоставленный
high-ranking
22%
крутой
steep
22%
значительный
significant
20%
предыдущий
previous
18%
напряжённый
strained
18%
отрицательный
negative
18%
отдельный
separate
18%
законодательный
legislative
16%
наверное
probably
16%
точно
precisely
16%
сразу
at once
16%
видно
obviously
16%
здравый
sound
14%
нынешний
present
14%
верхний
upper
14%
оскорбительный
offensive
14%
избран
elected
14%
определенный
special
14%
впрочем
however
14%
вперед
forward
14%
исполнительный
executive
12%
враждующий
conflicting
12%
нацелен на
aimed at
12%
Russian
% Correct
обвиняемый
accused
12%
разве
perhaps
12%
довольно
enough
12%
отличительный
distinctive
10%
свергнуты
deposed
10%
правоохранительный
law-enforcement
10%
непригладный
unattractive
10%
надвигающий
approaching
10%
строитивый
obstinate
10%
совершенно
absolutely
10%
как бы то не было
anyway
10%
захваченный
captured
10%
неизбежный
inevitable
8%
светский
secular
8%
приемлемый
acceptable
8%
тем временем
meanwhile
8%
спустя
later
8%
весьма
extremely
8%
изначально
initially
8%
в ответ на
in retaliation for
8%
уголовный
criminal
8%
подозреваемый
suspected
8%
травимый
poisoned
8%
непрозрачный
non-transparent
6%
причастный к
implicated in
6%
пропащий
lost
6%
обеспокоен
agitated
6%
как положено
routinely
6%
относительно
relatively
6%
в итоге
as a result
6%
безоговорочно
unconditionally
6%
насколько
as far as
6%
в ходе
during the course of
6%
избыточный
excessive
4%
до сих пор
until this time
4%
невнятый
muffled
4%
задержан
to be in custody
2%
непрекращающийся
incessant
2%
Quiz Playlist
Details
Report
Send in Message
Add To Playlist
Classic:
Type in answers that appear in a list
Last Updated: Feb 16, 2017
Quiz Scoreboard
CHALLENGE
Sign Up to Join the Scoreboard
Show All
Scores
Hide
Comments
May contain spoilers
Recently Published
Two Season TV Shows II
by 123Four
Television
10m
Image Sorting: Flags VI
by Barbecue
Geography
2m
Find the 'City' Movie
by crazypaving
Movies
60s
More to Explore
Quiz From the Vault
Featured Blog Post
14 Easter Pick-up Lines to Find Eggs With
hide this ad
You Might Also Like...
Tags
Russia
Today's Top Quizzes in Language
Browse Language
hide this ad
Today's Top Quizzes in Russia
Browse Russia
Top Contributed Quizzes in Language
1
What Word Starts All?
2
1-10 Letter F Words III
3
1-10 Letter G Words III
4
Weisst du, aus welchen Sprachen diese Wörter stammen?
5
1-10 Letter H Words III
6
Harry Potter book 6 chapters: English & Greek
7
Arabic Numerals
8
1-10 Letter I Words III
9
One Thing in Common: Italy
10
Celtic Nations in their Language
Explore More
Trending Topics
Anime
Harry Potter
Disney
NBA
Marvel
Crossword
Kpop
Country
The Office
Puzzle
WWE
Song
NFL
Soccer
Pokémon
hide this ad
More By:
mec0421
Quiz
Plays
Rating
Category
Featured
Created
Largest World Cities: Europe
274
1.83
Geography
Dec 15, 2011
Largest World Cities: Asia
239
2.67
Geography
Dec 15, 2011
Largest World Cities: Americas
177
3.80
Geography
Dec 16, 2011
Largest World Cities: Africa
149
5.00
Geography
Dec 15, 2011
Raions of Moldova
79
Geography
Mar 17, 2011
Go to Creator's Profile
Score Distribution
Quiz Creator Spotlight
mec0421
Follow
Send a Message
Quizzes Created
-
Created Quiz Play Count
-
More By This Creator
Popular Quizzes Today
1
Find the US States - No Outlines Minefield
2
Colored Red Africa Blitz
3
Find the 'City' Movie
4
5x2 Blitz: Bands
5
The Countries of the World
6
Find the Countries of Europe - No Outlines Minefield
7
Find the US States
8
US States
More Language Quizzes
Drop a G
Published
Trending Quizzes
Colored Red Europe Blitz I
Colored Red Africa Blitz II
Colored Red Europe Blitz II
Colored Red Africa Blitz III
Colored Red Europe Blitz III
Recently Updated
How Do You Spell That?
pecheneg
Godzilla Movies
pecheneg
Grab Bag: 4-10 Letters
pecheneg
2024 March Madness Bracket
pecheneg
Famous TV Couples
Peacemaker
Champions League XIs: Real Madrid
pecheneg
Largest US Cities 1790-2010
pecheneg
Rides in Walt Disney World
pecheneg
Most Oscar Losses (Acting)
pecheneg
Beyoncé Albums
pecheneg
Trending Topics
Marvel
Crossword
Disney
Kpop
Harry Potter
NBA
Anime
The Office
NFL
Song
Soccer
Pokémon
Puzzle
WWE
Country
Your Account Isn't Verified!
In order to create a playlist on Sporcle, you need to verify the email address you used during registration. Go to your
Sporcle Settings
to finish the process.
Report this User
Report this user for behavior that violates our
Community Guidelines
.
Details:
Send Report
Go to the Sporcle.com Mobile Site →
Comments